| 000 | 00760nam a2200181Ia 4500 | ||
|---|---|---|---|
| 008 | 100920s9999 xx 000 0 und d | ||
| 082 |
_b58202 _a891.43 थ 90 |
||
| 100 | _aभट्रट राजेन्द्र शंकर. | ||
| 245 | _aपत्र, पत्रकार और पत्रकारिता. | ||
| 260 |
_bसूचना और प्रसारण मन्त्रालय, भारत सरकार. _c1990 |
||
| 300 |
_a280 _bसाधी |
||
| 365 | _b30 | ||
| 520 | _aहिंदी. | ||
| 630 | _aपत्र, पत्रकार और पत्रकारिता. | ||
| 650 | _aहिंदी. | ||
| 730 | _aपत्र, पत्रकार और पत्रकारिता. | ||
| 942 | _cBOOK | ||
| 999 |
_c701930 _d701927 |
||